[Event "Kineshma op"]
[Site "Kineshma"]
[Date "2010.10.23"]
[Round "4"]
[White "Shapovalov, Vladimir"]
[Black "Gorev, Valentin"]
[Result "1-0"]
[WhiteElo "2249"]
[BlackElo "1643"]
[PlyCount "75"]
[EventDate "2010.10.20"]
[EventType "swiss"]
[EventRounds "9"]
[EventCountry "RUS"]
[SourceTitle "EXT 2011"]
[Source "ChessBase"]
[SourceDate "2010.11.26"]
[SourceVersion "1"]
[SourceVersionDate "2010.11.26"]
[SourceQuality "1"]

1. d4 d5 2. Bf4 Nf6 3. e3 e6 4. Nd2 Be7 5. c4 0-0 6. c5 c6 7. b4 Nbd7 8. a4 a6 9. Ngf3 Nh5 10. Bg3 Nxg3 11. hxg3 f6 12. Bd3 f5 13. Ne5 g6 14. f4 Nf6 15. Ndf3 Ne4 16. g4 fxg4 17. Nxg4 Ng3 18. Rh3 Nf5 19. Kf2 Rf7 20. Bxf5 Rxf5 21. Nh6+ Kg7 22. Nxf5+ exf5 23. Qh1 h5 24. Rg3 Kh6 25. Ne5 Qe8 26. Rxg6+ Qxg6 27. Nxg6 Kxg6 28. b5 Bd7 29. bxa6 Rxa6 30. Qb1 Bc8 31. Qa2 Kf7 32. g3 h4 33. gxh4 Bxh4+ 34. Kf3 Ke8 35. Qh2 Be7 36. Qh8+ Kd7 37. Rg1 b6 38. Qe5 1-0